| 000 | 00942nam a2200361 a 4500 | ||
|---|---|---|---|
| 003 | AR-BaBNM | ||
| 005 | 20251128205121.0 | ||
| 008 | 082120s2002 ||||||||||||||000 | spa|| | ||
| 040 | _cAR-BaBNM | ||
| 100 | 1 | _aCésar, Cayo Julio | |
| 245 | 0 | 0 | _aCesare in Britannia |
| 250 | _a2ª ed. | ||
| 260 |
_aFirenze _bGiunti _c1969 |
||
| 300 |
_a141 p. _bil. |
||
| 490 | 0 | _aI diari della storia | |
| 650 | 4 | _aLITERATURA LATINA | |
| 650 | 4 | _aHISTORIA ANTIGUA | |
| 650 | 4 | _aHISTORIA MILITAR | |
| 650 | 4 | _aCIVILIZACIONES ANTIGUAS | |
| 650 | 4 | _aFILOSOFIA POLITICA | |
| 650 | 4 | _aARTE ANTIGUO | |
| 651 | 4 | _aRoma | |
| 653 | _aREPUBLICA ROMANA | ||
| 653 | _aFILOSOFIA ANTIGUA | ||
| 653 | _aFORMAS DE GOBIERNO | ||
| 655 | _aLITERATURA | ||
| 700 | 1 | _aCiceron, Marco Tulio | |
| 700 | 1 |
_aCaporali, Renato _eeditor |
|
| 700 | 1 |
_aTreves, Piero _ecolaborador |
|
| 700 | 1 |
_aToscano, Marco _ecolaborador |
|
| 942 | _cBK | ||
| 998 | _cMARTIN | ||
| 999 |
_c10056 _d10056 |
||